Double standards (Record no. 74314)
[ view plain ]
| 000 -LEADER | |
|---|---|
| fixed length control field | 01484cab a2200229 4500 |
| 001 - CONTROL NUMBER | |
| control field | ABS67659 |
| 008 - FIXED-LENGTH DATA ELEMENTS--GENERAL INFORMATION | |
| fixed length control field | 040329n2004 000 0 eng u |
| 035 ## - SYSTEM CONTROL NUMBER | |
| System control number | (Sirsi) u125624 |
| 100 ## - MAIN ENTRY--PERSONAL NAME | |
| Personal name | Murdoch, J. |
| 245 ## - TITLE STATEMENT | |
| Title | Double standards |
| 260 ## - PUBLICATION, DISTRIBUTION, ETC. | |
| Date of publication, distribution, etc. | 2004 |
| 490 ## - SERIES STATEMENT | |
| Series statement | Estates Gazette |
| Volume/sequential designation | (0412) 20 March,169(1) |
| 520 ## - SUMMARY, ETC. | |
| Summary, etc. | Examines ways in which residential estate agents have extracted payment for their services from reluctant payers by attempting to have the vendor's solicitor hold the purchase price on trust or as in many cases by recourse to the County Court. Another method, namely the application of an early payment discounted commission rate, was judged to be unfair in the recent case "Bairstow Eves London Central Ltd v Smith" ([2004] EWHC 263 (QB), [2004] PLSCS 47).Provision for double commission in the event of late payment is potentially unfair and unfair contractual terms are not binding on the consumer under the Unfair Terms in Consumer Contracts Regulations 1999 Reg 5(1). View "Bairstow Eves" judgment at www.bailii.org. |
| 590 ## - LOCAL NOTE (RLIN) | |
| Local note | ABS |
| 650 ## - SUBJECT ADDED ENTRY--TOPICAL TERM | |
| Topical term or geographic name entry element | WA ELLIS SERVICES LTD V WOOD |
| 650 ## - SUBJECT ADDED ENTRY--TOPICAL TERM | |
| Topical term or geographic name entry element | ESTATE AGENTS' COMMISSION |
| 650 ## - SUBJECT ADDED ENTRY--TOPICAL TERM | |
| Topical term or geographic name entry element | BAIRSTOW EVES LONDON CENTRAL LTD V SMITH |
| 650 ## - SUBJECT ADDED ENTRY--TOPICAL TERM | |
| Topical term or geographic name entry element | UNFAIR TERMS IN CONSUMER CONTRACTS REGULATIONS 1999 REG 5(1) |
| 690 ## - LOCAL SUBJECT ADDED ENTRY--TOPICAL TERM (OCLC, RLIN) | |
| Topical term or geographic name as entry element | PROPERTY AND LAND LAW-AGENCY-RESIDENTIAL |
| 856 ## - ELECTRONIC LOCATION AND ACCESS | |
| Uniform Resource Identifier | <a href="https://www.bailii.org/ew/cases/EWHC/QB/2004/263.html ">https://www.bailii.org/ew/cases/EWHC/QB/2004/263.html </a> |
| Public note | View the "Bairstow Eves" judgment on the bailii website... |
| 942 ## - ADDED ENTRY ELEMENTS (KOHA) | |
| Suppress in OPAC | 0 |
| Withdrawn status | Lost status | Source of classification or shelving scheme | Damaged status | Not for loan | Home library | Current library | Shelving location | Date acquired | Total Checkouts | Full call number | Barcode | Date last seen | Copy number | Price effective from | Koha item type |
|---|---|---|---|---|---|---|---|---|---|---|---|---|---|---|---|
| Dewey Decimal Classification | London | London | Journal article | 29/03/2004 | ABS67659 | 125624-1001 | 06/08/2019 | 1 | 06/08/2019 | Journal article |